Communicate (Record no. 91579)

MARC details
000 -LEADER
fixed length control field 00520nam a2200205Ia 4500
008 - FIXED-LENGTH DATA ELEMENTS--GENERAL INFORMATION
fixed length control field 230125s9999 xx 000 0 und d
020 ## - INTERNATIONAL STANDARD BOOK NUMBER
International Standard Book Number 0-534-02800-4
041 ## - LANGUAGE CODE
Language code of text/sound track or separate title eng
082 ## - DEWEY DECIMAL CLASSIFICATION NUMBER
Classification number 658.45
Item number VER
100 ## - MAIN ENTRY--PERSONAL NAME
Personal name Verderber R F
9 (RLIN) 114253
245 ## - TITLE STATEMENT
Title Communicate
250 ## - EDITION STATEMENT
Edition statement 4th ed
260 ## - PUBLICATION, DISTRIBUTION, ETC. (IMPRINT)
Date of publication, distribution, etc. 1984
Name of publisher, distributor, etc. Wadsworth pub
Place of publication, distribution, etc. California
300 ## - PHYSICAL DESCRIPTION
Extent 396p
500 ## - GENERAL NOTE
Keywords Business Communication;Communication
500 ## - GENERAL NOTE
Keywords Communicate
650 ## - SUBJECT ADDED ENTRY--TOPICAL TERM
Topical term or geographic name as entry element Communication
700 ## - ADDED ENTRY--PERSONAL NAME
Personal name Verderber R F
9 (RLIN) 114253
Holdings
Withdrawn status Lost status Damaged status Not for loan Home library Current library Date acquired Vendor Full call number Barcode Date last seen Bill Date Koha item type Original Barcode
        Smt. Hiraben Nanavati Institute of Management & Research for Women Smt. Hiraben Nanavati Institute of Management & Research for Women 28/10/2001 Satya Gilani 658.45 VER DB0554 HIMR-DB-554 25/01/2023 22/10/2001 Donated Book DB0554